| 000 | 00590nam a2200241Ia 4500 | ||
|---|---|---|---|
| 005 | 20250425162450.0 | ||
| 008 | 250425s9999 xx 000 0 und d | ||
| 020 | _a9978922547 | ||
| 041 | _aspa | ||
| 043 | _aec | ||
| 082 | _a863 | ||
| 100 | _aGALLEGOS LARA, JOAQUIN | ||
| 245 | 0 | _aLAS CRUCES SOBRE EL AGUA | |
| 250 | _a1A ED. | ||
| 260 |
_aEcuador _bMINISTERIO DE CULTURA DEL ECUADOR _c2010 |
||
| 260 | _aQUITO | ||
| 300 | _a230 | ||
| 650 | _aCULTURA POPULAR | ||
| 650 | _aNOVELA ECUATORIANA | ||
| 710 | _aECUADOR. MINISTERIO DE CULTURA | ||
| 942 | _c01 | ||
| 010 | _a75968 | ||
| 999 |
_c229798 _d229798 |
||